| 000 | 00484nam a2200133 a 4500 | ||
|---|---|---|---|
| 008 | 080109s1974 ||||||||||||||||| || u | ||
| 050 | _aQ 161.2 Mar | ||
| 100 | _aMarion, Jerry B | ||
| 245 | 1 | 0 | _aPhysical science in the modern world |
| 260 |
_aNew York _bAcademic Press _c1974 |
||
| 300 | _axiv, 717p. : ill. | ||
| 350 | _a0.00 | ||
| 995 |
_D0.00 _FCBU-MAIN LIBRARY (Kitwe) _H1 _I6.50 _M1 _UAVAILABLE _ZAnnex Low-Usage Collection |
||
| 999 |
_c53582 _d53582 |
||